UBT Library

Managing diversity : (Record no. 42585)

000 -LEADER
fixed length control field 00682nam a2200229 a 4500
001 - CONTROL NUMBER
control field 4050368
005 - DATE AND TIME OF LATEST TRANSACTION
control field 20180215034748.0
008 - FIXED-LENGTH DATA ELEMENTS--GENERAL INFORMATION
fixed length control field 990128s1998 maua b 001 0 eng
010 ## - LIBRARY OF CONGRESS CONTROL NUMBER
LC control number 99166750
020 ## - INTERNATIONAL STANDARD BOOK NUMBER
International Standard Book Number 0536007586
040 ## - CATALOGING SOURCE
Original cataloging agency DLC
Transcribing agency DLC
041 ## - LANGUAGE CODE
Language code of text/sound track or separate title eng
080 ## - UNIVERSAL DECIMAL CLASSIFICATION NUMBER
Universal Decimal Classification number 658.30089 nor
082 00 - DEWEY DECIMAL CLASSIFICATION NUMBER
Classification number 658.30089 nor
Edition number 21
100 2# - Rafti
Rafti 54
101 ## - Shkurtesa
Shkurtesa man
245 10 - TITLE STATEMENT
Title Managing diversity :
Statement of responsibility, etc Norma Carr-Ruffino.
504 ## - BIBLIOGRAPHY, ETC. NOTE
Bibliography, etc Includes bibliographical references and index.
906 ## - LOCAL DATA ELEMENT F, LDF (RLIN)
a 7
b cbc
c orignew
d 2
e ncip
f 19
g y-gencatlg
942 ## - ADDED ENTRY ELEMENTS (KOHA)
Source of classification or shelving scheme
Item type Books
Holdings
Withdrawn status Lost status Source of classification or shelving scheme Damaged status Not for loan Collection code Permanent location Current location Shelving location Date acquired Total Checkouts Full call number Barcode Date last seen Price effective from Koha item type
          Koleksioni i përgjithshem UBT - Lipjan UBT - Lipjan Koleksioni i përgjithshem 02/15/2018   658.30089 nor 002-2998212 02/15/2018 02/15/2018 Books
UBT Library © 2015-2024. All rights reserved University Education for Business and Technology